000 01156nam a2200289 i 4500
003 EG-GICUC
005 20260310011759.0
008 260310s2012 ua ||||fr|||| 00| 0 ara d
040 _a EG-GICUC
_bara
_c EG-GICUC
_d EG-GICUC
_erda
041 0 _aara
082 0 4 _221
_a345.6931
_bج ا . ب
092 0 4 _221
099 _aLaw1 07 345.6931 ج ا . ب 2012
100 0 _aجابر جاد نصار
_eمؤلف.
245 1 2 _aالبسيط في القضاء الإداري :
_b(دراسة في تجليات مجلس الدولة المصرى وإبداعه في حماية مبدأ المشروعية) /
_cدكتور جابر جاد نصار.
264 1 _aالقاهرة :
_bدر النهضة العربية،
_c2012.
300 _a200 صفحة؛
_c24 سم.
336 _2rda content
_atext
337 _2rda media
_aComputer
338 _2rda carrier
_aOnline Resource
504 _aيشتمل على إرجاعات ببليوجرافية.
650 1 4 _aموازنات مبدأ المشروعية
650 1 4 _aالقانون الإداري
856 4 0 _uhttps://fll.law.cu.edu.eg/fulltext/bks/B07-03414.pdf
905 _a32
942 _2ddc
_cBK
_e21
_n0
999 _c65936
_d65936